Prénoms féminins commençant par la lettre P - Statistiques

Statistiques générales
  • Ce quiz a été pris 289 fois
  • Le résultat moyen est 6 sur 24
Statistiques - réponses
Réponse % Correct
Pauline
93%
Paula
59%
Paulette
57%
Pascale
52%
Pascalle
52%
Pénélope
38%
Pamela
35%
Prune
29%
Paloma
27%
Priscilla
21%
Pia
19%
Paris
13%
Peggy
12%
Perle
10%
Philippa
8%
Priscillia
8%
Patti
6%
Pétronille
6%
Paige
2%
Pernelle
2%
Poppy
2%
Paula-Maria
0%
Precilia
0%
Priyanka
0%
Aucun quiz correspondant
Distribution des résultats
% des personnes avec chaque résultat
Percentile par nombre de réponses
Votre historique - résultats
Vous n’avez pas pris ce quiz